00213nam a2200097Ia 4500008004100000041000800041082001500049100002300064245001900087260000900106240625s9999 xx 000 0 und d aeng a808.20 TOI aTHE INK CONFERENCE aUNTOLD STORIES c2011